[Event "EU-ch Seniors 65 21st"]
[Site "Lublin"]
[Date "2022.07.09"]
[Round "5"]
[White "Patola, Eero"]
[Black "Rak, Tomasz"]
[Result "0-1"]
[WhiteElo "1810"]
[BlackElo "1887"]
[PlyCount "86"]
[EventDate "2022.07.05"]
[EventType "swiss"]
[EventRounds "9"]
[EventCountry "POL"]
[SourceTitle "CBM 209 Extra"]
[Source "ChessBase"]
[SourceDate "2022.09.30"]
[SourceVersion "1"]
[SourceVersionDate "2022.09.30"]
[SourceQuality "1"]

1. e4 c6 2. d4 d5 3. Nd2 dxe4 4. Nxe4 Nf6 5. Nxf6+ gxf6 6. h3 Bf5 7. c3 Qc7 8. Nf3 Nd7 9. Bd3 Bg6 10. Bxg6 hxg6 11. Be3 Nb6 12. Qe2 Nd5 13. Bd2 Nf4 14. Bxf4 Qxf4 15. Qe3 Qf5 16. Rd1 g5 17. g4 Qa5 18. a3 0-0-0 19. Kf1 e6 20. Kg2 Bd6 21. Qe2 Kb8 22. c4 Bf4 23. Qc2 Rd7 24. Rd3 Rhd8 25. b4 Qc7 26. Rhd1 Rd6 27. Qb3 Qd7 28. a4 f5 29. gxf5 exf5 30. d5 g4 31. hxg4 fxg4 32. Ne1 f5 33. Nc2 Qh7 34. Rh1 Rh6 35. Rxh6 Qxh6 36. dxc6 Re8 37. Rg3 Qxc6+ 38. Kf1 Bxg3 39. Qxg3+ Qc7 40. Qxc7+ Kxc7 41. Ne3 Re4 42. Ke2 f4 43. Kd3 fxe3 0-1

[Event "POL-chT 2nd League"]
[Site "Jastrzebia Gora"]
[Date "2019.09.07"]
[Round "1.15"]
[White "Rak, Tomasz"]
[Black "Pawlowski, Maciej"]
[Result "1-0"]
[WhiteElo "1957"]
[BlackElo "1948"]
[PlyCount "91"]
[EventDate "2019.09.07"]
[EventType "team-swiss"]
[EventRounds "9"]
[EventCountry "POL"]
[SourceTitle "EXT 2020"]
[Source "ChessBase"]
[SourceDate "2019.10.17"]
[SourceVersion "1"]
[SourceVersionDate "2019.10.17"]
[SourceQuality "1"]
[WhiteTeam "Olsztyn Kopernik"]
[BlackTeam "Gliwice Roszada"]
[WhiteTeamCountry "POL"]
[BlackTeamCountry "POL"]

1. Nf3 f5 2. e4 fxe4 3. Ng5 Nf6 4. d3 e6 5. Nc3 Be7 6. dxe4 Nc6 7. f4 h6 8. Nh3 d6 9. Be3 0-0 10. Bc4 Na5 11. Be2 d5 12. e5 Ne8 13. 0-0 c5 14. Bf2 Nc7 15. b3 Bd7 16. Bf3 Be8 17. Qd2 Nc6 18. Ne2 Bg6 19. c3 Rc8 20. Rad1 b5 21. Kh1 c4 22. Nd4 Nxd4 23. Bxd4 a5 24. Rg1 Na6 25. g4 Bd3 26. f5 Bg5 27. Be3 Bxe3 28. Qxe3 Nc5 29. g5 Rxf5 30. gxh6 Rxf3 31. Rxg7+ Kh8 32. Ng5 Be4 33. Nxf3 Qf8 34. Rf1 Nd3 35. Kg1 Qf4 36. Qxf4 Nxf4 37. Ng5 Ne2+ 38. Kf2 Rf8+ 39. Kxe2 Bd3+ 40. Ke3 Rxf1 41. Nf7+ Rxf7 42. Rxf7 b4 43. Kd4 Bb1 44. cxb4 axb4 45. bxc4 Bxa2 46. c5 1-0

[Event "POL-chT 2nd League"]
[Site "Jastrzebia Gora"]
[Date "2018.09.02"]
[Round "3.3"]
[White "Rak, Tomasz"]
[Black "Rozycki, Bartlomiej"]
[Result "1-0"]
[WhiteElo "2018"]
[BlackElo "2145"]
[PlyCount "119"]
[EventDate "2018.09.01"]
[EventType "team-swiss"]
[EventRounds "9"]
[EventCountry "POL"]
[SourceTitle "CBM 186 Extra"]
[Source "ChessBase"]
[SourceDate "2018.08.24"]
[SourceVersion "1"]
[SourceVersionDate "2018.08.24"]
[SourceQuality "1"]
[WhiteTeam "Ostroda Ostrodzianka"]
[BlackTeam "Chylice Laura"]
[WhiteTeamCountry "POL"]
[BlackTeamCountry "POL"]

1. d4 Nf6 2. Nf3 g6 3. Bf4 Bg7 4. h3 c5 5. e3 Qb6 6. Nc3 0-0 7. Qd2 cxd4 8. exd4 d5 9. 0-0-0 Ne4 10. Nxe4 dxe4 11. Ne5 Rd8 12. Bc4 Be6 13. Bxe6 Qxe6 14. Kb1 Nc6 15. Nxc6 bxc6 16. Qe3 Rd5 17. Rhe1 f5 18. f3 Rad8 19. fxe4 fxe4 20. Qxe4 Qxe4 21. Rxe4 Rxd4 22. Rexd4 Rxd4 23. Rxd4 Bxd4 24. c3 Bf6 25. Be3 a6 26. Kc2 Kf7 27. Kd3 Ke6 28. Ke4 Bh4 29. Bd2 Bf2 30. a4 Bh4 31. b4 Bf6 32. c4 Kd6 33. Bf4+ Kd7 34. b5 cxb5 35. cxb5 axb5 36. axb5 e6 37. Be5 Be7 38. Kd4 Kc8 39. Kc4 Kb7 40. Bd4 Bd6 41. Bc5 Bg3 42. Kd3 Bc7 43. Ke4 h5 44. Be3 Bb8 45. Bf4 Ba7 46. Bd6 Bg1 47. Ke5 Kb6 48. Kxe6 Bd4 49. Be5 Be3 50. Kf6 g5 51. Kg6 h4 52. Kh5 Kxb5 53. Bf6 Kc6 54. Bxg5 Bd4 55. Bxh4 Kd7 56. Kg6 Ke8 57. Bf6 Bf2 58. g4 Kf8 59. h4 Kg8 60. h5 1-0

[Event "POL-ch rapid"]
[Site "Zgierz"]
[Date "2018.03.04"]
[Round "8"]
[White "Budrewicz, Krzysztof"]
[Black "Rak, Tomasz"]
[Result "1-0"]
[WhiteElo "2204"]
[BlackElo "2010"]
[PlyCount "63"]
[EventDate "2018.03.04"]
[EventType "swiss (rapid)"]
[EventRounds "9"]
[EventCountry "POL"]
[SourceTitle "CBM 183 Extra"]
[Source "ChessBase"]
[SourceDate "2018.04.19"]
[SourceVersion "1"]
[SourceVersionDate "2018.04.19"]
[SourceQuality "1"]

1. d4 Nf6 2. c4 g6 3. Nc3 Bg7 4. e4 d6 5. f3 0-0 6. Bg5 h6 7. Be3 Nfd7 8. Qd2 Kh7 9. h4 e5 10. Nge2 f5 11. h5 f4 12. hxg6+ Kh8 13. Bf2 Qe8 14. g3 Qxg6 15. gxf4 exf4 16. Nd5 Nc6 17. Nxc7 Rb8 18. Nd5 b5 19. cxb5 Nd8 20. Nexf4 Qf7 21. Be2 Ne6 22. Nxe6 Qxe6 23. Be3 Kh7 24. Rc1 Nb6 25. Nxb6 Rxb6 26. Rc7 Rb7 27. Rxg7+ Rxg7 28. Rxh6+ Qxh6 29. Bxh6 Rg1+ 30. Kf2 Rf6 31. Kxg1 Rxh6 32. Kf2 1-0

[Event "Suwalki Warakomska Memorial-B 1st"]
[Site "Suwalki"]
[Date "2017.08.11"]
[Round "1"]
[White "Rak, Tomasz"]
[Black "Ziemski, Przemyslaw"]
[Result "1-0"]
[WhiteElo "2067"]
[BlackElo "1902"]
[PlyCount "65"]
[EventDate "2017.08.11"]
[EventType "swiss"]
[EventRounds "9"]
[EventCountry "POL"]
[SourceTitle "CBM 180 Extra"]
[Source "ChessBase"]
[SourceDate "2017.10.06"]
[SourceVersion "1"]
[SourceVersionDate "2017.10.06"]
[SourceQuality "1"]

1. Nf3 Nf6 2. d4 d5 3. Bf4 g6 4. Nbd2 Bg7 5. h3 0-0 6. e3 Bf5 7. Ne5 Nbd7 8. g4 Be6 9. Bd3 Nxe5 10. Bxe5 Nd7 11. Bxg7 Kxg7 12. f4 f5 13. Nf3 c5 14. c3 Qb6 15. Ng5 h6 16. Nxe6+ Qxe6 17. Qe2 cxd4 18. cxd4 Nf6 19. 0-0-0 Rac8+ 20. Kb1 Ne4 21. Rdg1 Kh7 22. h4 fxg4 23. h5 g5 24. Rxg4 gxf4 25. exf4 Rg8 26. f5 Qf6 27. Bxe4 dxe4 28. Rxe4 Rg7 29. Rf1 Rd8 30. Qd3 Rd5 31. a3 Rg5 32. Re6 Qg7 33. f6+ 1-0

[Event "Kaunas GP op"]
[Site "Kaunas"]
[Date "2013.09.16"]
[Round "5"]
[White "Rak, Tomasz"]
[Black "Grybas, Gintaras"]
[Result "0-1"]
[WhiteElo "2003"]
[BlackElo "1991"]
[PlyCount "52"]
[EventDate "2013.09.13"]
[EventType "swiss"]
[EventRounds "5"]
[EventCountry "LTU"]
[SourceTitle "EXT 2024"]
[Source "ChessBase"]
[SourceDate "2023.10.10"]
[SourceVersion "1"]
[SourceVersionDate "2023.10.10"]
[SourceQuality "1"]

1. Nf3 d5 2. d4 c6 3. Bf4 Bf5 4. Nbd2 e6 5. e3 Nf6 6. Ne5 Qb6 7. g4 Bg6 8. Nb3 Nfd7 9. Nxg6 hxg6 10. h4 c5 11. Bg2 Nc6 12. h5 gxh5 13. Rxh5 Rxh5 14. gxh5 c4 15. Nd2 Qxb2 16. Rb1 Qc3 17. Rxb7 Nb4 18. e4 Nxc2+ 19. Kf1 Qd3+ 20. Kg1 Nxd4 21. Qa4 Rd8 22. Bc7 Ne2+ 23. Kh1 Qxd2 24. Bxd8 Qc1+ 25. Kh2 Bd6+ 26. Kh3 Ng1+ 0-1

[Event "Kowalewo Pomorskie op"]
[Site "Kowalewo Pomorskie"]
[Date "2013.07.15"]
[Round "8"]
[White "Jaroch, Karol"]
[Black "Rak, Tomasz"]
[Result "1-0"]
[WhiteElo "2241"]
[BlackElo "2023"]
[PlyCount "39"]
[EventDate "2013.07.10"]
[EventType "swiss"]
[EventRounds "9"]
[EventCountry "POL"]
[SourceTitle "CBM 155 Extra"]
[Source "ChessBase"]
[SourceDate "2013.08.26"]
[SourceVersion "1"]
[SourceVersionDate "2013.08.26"]
[SourceQuality "1"]

1. e4 c5 2. Nc3 Nc6 3. g3 e6 4. Bg2 Nge7 5. Nge2 d5 6. exd5 exd5 7. 0-0 d4 8. Ne4 Nd5 9. c4 Nc7 10. Nf4 Be7 11. Nd3 Na6 12. f4 0-0 13. f5 f6 14. g4 Bd6 15. Nxd6 Qxd6 16. Nf4 Nc7 17. d3 Ne5 18. b4 b6 19. bxc5 bxc5 20. Bxa8 1-0

[Event "Kowalewo Pomorskie op"]
[Site "Kowalewo Pomorskie"]
[Date "2013.07.14"]
[Round "7"]
[White "Rak, Tomasz"]
[Black "Budrewicz, Krzysztof"]
[Result "1/2-1/2"]
[WhiteElo "2023"]
[BlackElo "2196"]
[PlyCount "121"]
[EventDate "2013.07.10"]
[EventType "swiss"]
[EventRounds "9"]
[EventCountry "POL"]
[SourceTitle "CBM 155 Extra"]
[Source "ChessBase"]
[SourceDate "2013.08.26"]
[SourceVersion "1"]
[SourceVersionDate "2013.08.26"]
[SourceQuality "1"]

1. Nf3 c5 2. c4 Nc6 3. d4 cxd4 4. Nxd4 g6 5. Nc3 Bg7 6. Nc2 Bxc3+ 7. bxc3 Qa5 8. Ne3 Nf6 9. g3 Qxc3+ 10. Bd2 Qd4 11. Rc1 Ne4 12. Rc2 d6 13. Bg2 Nxd2 14. Rxd2 Qc5 15. 0-0 0-0 16. Rd5 Qb6 17. Qa1 Be6 18. Rb1 Qc7 19. Rdb5 b6 20. h4 Rac8 21. h5 Ne5 22. h6 f6 23. Nd5 Qd7 24. Nf4 Bxc4 25. Bh3 e6 26. R5b4 f5 27. Rd1 Qe7 28. Bg2 Rc5 29. Rb2 Ng4 30. Rc2 Nxh6 31. Qc1 Bxa2 32. Rxc5 bxc5 33. Rd2 Bb3 34. Qc3 g5 35. Nh5 d5 36. Qxb3 c4 37. Qe3 Ng4 38. Qd4 Qf7 39. f3 Qxh5 40. fxg4 Qxg4 41. Qe5 f4 42. Rxd5 Qf5 43. Qxf5 Rxf5 44. Rd7 Rf7 45. Rd6 Rc7 46. Be4 c3 47. Bc2 Kf7 48. gxf4 gxf4 49. Kf2 a5 50. Ra6 Rc5 51. Kf3 Kf6 52. Kxf4 h5 53. e4 h4 54. Bb3 c2 55. Rxe6+ Kg7 56. Bxc2 Rxc2 57. Re5 a4 58. Ra5 Rc4 59. Rh5 a3 60. Rxh4 a2 61. Rh1 1/2-1/2

[Event "Kowalewo Pomorskie op"]
[Site "Kowalewo Pomorskie"]
[Date "2013.07.13"]
[Round "6"]
[White "Sliwicki, Damian"]
[Black "Rak, Tomasz"]
[Result "0-1"]
[WhiteElo "2027"]
[BlackElo "2023"]
[PlyCount "104"]
[EventDate "2013.07.10"]
[EventType "swiss"]
[EventRounds "9"]
[EventCountry "POL"]
[SourceTitle "CBM 155 Extra"]
[Source "ChessBase"]
[SourceDate "2013.08.26"]
[SourceVersion "1"]
[SourceVersionDate "2013.08.26"]
[SourceQuality "1"]

1. e4 c6 2. d4 d5 3. Nc3 dxe4 4. Nxe4 Nf6 5. Nxf6+ gxf6 6. c3 h5 7. Bc4 Nd7 8. h3 Nb6 9. Bb3 Bf5 10. Qf3 e6 11. Ne2 h4 12. Nf4 Qe7 13. Be3 0-0-0 14. a4 Nd5 15. a5 a6 16. Bc4 Kb8 17. Bd2 Qd7 18. 0-0 Rg8 19. Bd3 Bxd3 20. Nxd3 e5 21. Rfe1 Nc7 22. b4 exd4 23. c4 Be7 24. b5 cxb5 25. Bf4 Bd6 26. cxb5 Nxb5 27. Nc5 Qc6 28. Qxc6 bxc6 29. Bxd6+ Rxd6 30. Nxa6+ Ka7 31. Nc5 Rc8 32. Rad1 Rc7 33. Re8 Nc3 34. Rd2 Rd5 35. Nb3 c5 36. a6 d3 37. Rb2 c4 38. Nd2 Ne2+ 39. Kf1 c3 40. Rb7+ Rxb7 41. axb7 Kxb7 42. Re7+ Kc6 43. Ke1 cxd2+ 44. Kxd2 Nc3 45. Re1 Na4 46. Re4 Nb6 47. Rxh4 Kc5 48. Rh8 Nc4+ 49. Kd1 d2 50. Rb8 Re5 51. Kc2 Re1 52. Rd8 Rc1+ 0-1

[Event "Kowalewo Pomorskie op"]
[Site "Kowalewo Pomorskie"]
[Date "2013.07.12"]
[Round "4"]
[White "Zielinski, Olgierd"]
[Black "Rak, Tomasz"]
[Result "0-1"]
[WhiteElo "1900"]
[BlackElo "2023"]
[PlyCount "104"]
[EventDate "2013.07.10"]
[EventType "swiss"]
[EventRounds "9"]
[EventCountry "POL"]
[SourceTitle "CBM 155 Extra"]
[Source "ChessBase"]
[SourceDate "2013.08.26"]
[SourceVersion "1"]
[SourceVersionDate "2013.08.26"]
[SourceQuality "1"]

1. e4 c6 2. d4 d5 3. Nc3 dxe4 4. Nxe4 Nf6 5. Nxf6+ gxf6 6. Bc4 h5 7. c3 Nd7 8. Qb3 e6 9. Nf3 h4 10. Bf4 b5 11. Bd3 Nb6 12. 0-0-0 a5 13. Rhe1 Nd5 14. Bd2 Bd6 15. Bxb5 Bd7 16. Bf1 Rb8 17. Qc2 Qe7 18. Kb1 Ba3 19. Bc1 Rh5 20. Ka1 Bd6 21. Re4 f5 22. Ree1 f6 23. Be2 Qf7 24. Bd3 Kf8 25. Qe2 a4 26. Bc4 a3 27. Bb3 Bc8 28. g3 h3 29. Nd2 Kg8 30. Nc4 Bf8 31. Qf3 Rh7 32. Nxa3 Qa7 33. c4 Nb4 34. c5 Rhb7 35. Re2 Nd5 36. Bxd5 cxd5 37. Bf4 Qa4 38. Rdd2 Ra8 39. Re3 Rb4 40. Qd1 Qa7 41. Rb3 Ra4 42. Qh5 Qg7 43. Rb8 e5 44. Rxa8 Rxa8 45. dxe5 fxe5 46. Be3 d4 47. Bg5 Be6 48. Qh4 Kf7 49. Qh5+ Qg6 50. Qxg6+ Kxg6 51. f4 Bxc5 52. Bh4 e4 0-1

[Event "Lubuska Wiosna op 9th"]
[Site "Gorzow Wielkopolski"]
[Date "2013.03.29"]
[Round "5"]
[White "Sernecki, Franciszek"]
[Black "Rak, Tomasz"]
[Result "1/2-1/2"]
[WhiteElo "1693"]
[BlackElo "2080"]
[PlyCount "158"]
[EventDate "2013.03.27"]
[EventType "swiss"]
[EventRounds "7"]
[EventCountry "POL"]
[SourceTitle "CBM 153 Extra"]
[Source "ChessBase"]
[SourceDate "2013.04.22"]
[SourceVersion "1"]
[SourceVersionDate "2013.04.22"]
[SourceQuality "1"]

1. e4 c5 2. Nf3 Nc6 3. d4 cxd4 4. Nxd4 g6 5. Be3 Bg7 6. c4 d6 7. Nc3 Nf6 8. Be2 0-0 9. 0-0 Nd7 10. Qd2 Nc5 11. Rad1 Bd7 12. Rfe1 Qb8 13. f4 Rd8 14. Bf3 Be8 15. Nd5 e6 16. Nc3 a6 17. h3 Ne7 18. Nc2 Qc7 19. Bd4 Bf8 20. Qe3 Rac8 21. Bxc5 dxc5 22. Rxd8 Rxd8 23. Rd1 Nc6 24. Rxd8 Qxd8 25. Qe1 Nd4 26. Qd1 Bc6 27. Kf1 b5 28. Ne2 Bg7 29. e5 Bxf3 30. gxf3 Qh4 31. Ncxd4 Qxh3+ 32. Kf2 Qh2+ 33. Kf1 Qh1+ 34. Ng1 cxd4 35. Qxd4 bxc4 36. Qxc4 h5 37. Qe2 Bf8 38. Qg2 Qh4 39. Qg5 Qh2 40. Ne2 Bc5 41. Qg2 Qh4 42. a3 Qd8 43. Nc3 Qd4 44. Qc2 Qg1+ 45. Ke2 Qf2+ 46. Kd1 Qxc2+ 47. Kxc2 h4 48. Kd3 h3 49. Ne4 h2 50. Ng3 Kg7 51. b4 Ba7 52. Ke2 Kh6 53. Kf1 g5 54. fxg5+ Kxg5 55. Kg2 Kf4 56. Ne4 Kxe5 57. Kxh2 Kd5 58. Kg3 f5 59. Ng5 e5 60. Nf7 e4 61. fxe4+ fxe4 62. Kg2 Kd4 63. Kf1 Kd3 64. Ke1 Bd4 65. Ng5 Bb2 66. Ne6 Bc3+ 67. Kd1 Ke3 68. Kc2 Be5 69. Nc5 Kf3 70. Nxa6 Bd6 71. Nc5 e3 72. Nd3 e2 73. Kd2 Be7 74. Ne5+ Kf2 75. Ng4+ Kf1 76. Ne3+ Kf2 77. Ng4+ Kf3 78. Ne5+ Kf2 79. Ng4+ Kf1 1/2-1/2

[Event "Lubuska Wiosna op 9th"]
[Site "Gorzow Wielkopolski"]
[Date "2013.03.28"]
[Round "3"]
[White "Wisniowska, Klaudia"]
[Black "Rak, Tomasz"]
[Result "1-0"]
[WhiteElo "2187"]
[BlackElo "2080"]
[PlyCount "65"]
[EventDate "2013.03.27"]
[EventType "swiss"]
[EventRounds "7"]
[EventCountry "POL"]
[SourceTitle "CBM 153 Extra"]
[Source "ChessBase"]
[SourceDate "2013.04.22"]
[SourceVersion "1"]
[SourceVersionDate "2013.04.22"]
[SourceQuality "1"]

1. e4 c6 2. d4 d5 3. Nc3 dxe4 4. Nxe4 Nf6 5. Nxf6+ gxf6 6. c3 h5 7. Bc4 Nd7 8. Nf3 h4 9. Bd2 e6 10. Qb3 b5 11. Be2 Nb6 12. 0-0-0 Bd6 13. Rhe1 a5 14. g3 h3 15. Qc2 Qc7 16. Nh4 Ba6 17. f4 0-0-0 18. f5 e5 19. dxe5 fxe5 20. f6 Kb7 21. Nf5 Bc5 22. Qe4 Nd5 23. Bg5 a4 24. c4 bxc4 25. Bxc4 a3 26. Bxa6+ Kxa6 27. Qc4+ Kb6 28. Rd3 Bb4 29. Rb3 Ka5 30. Ne7 Qd6 31. Rxe5 axb2+ 32. Kb1 Ka4 33. Ra3+ 1-0

[Event "Kujawsko Pomorskie-ch op-A 65th"]
[Site "Szubin"]
[Date "2012.08.15"]
[Round "7.3"]
[White "Bokiej, Przemyslaw"]
[Black "Rak, Tomasz"]
[Result "1-0"]
[WhiteElo "2193"]
[BlackElo "2066"]
[PlyCount "84"]
[EventDate "2012.08.09"]
[EventType "swiss"]
[EventRounds "9"]
[EventCountry "POL"]
[SourceTitle "EXT 2023"]
[Source "ChessBase"]
[SourceDate "2022.10.05"]
[SourceVersion "1"]
[SourceVersionDate "2022.10.05"]
[SourceQuality "1"]

1. e4 c5 2. Nf3 Nc6 3. Bb5 Nd4 4. Nxd4 cxd4 5. 0-0 Nf6 6. d3 g6 7. Qe1 Bg7 8. f4 0-0 9. e5 Ng4 10. h3 Nh6 11. Nd2 Nf5 12. Nf3 Qb6 13. Ba4 d6 14. Bb3 dxe5 15. fxe5 h6 16. Rf2 Bd7 17. Re2 Bc6 18. Nh2 a5 19. a4 Qa7 20. Nf1 e6 21. g4 Ne7 22. Bxh6 Bxh6 23. Qh4 Be3+ 24. Nxe3 dxe3 25. Qxe7 Bf3 26. Rae1 Bxe2 27. Rxe2 Qd4 28. Qg5 Rfe8 29. h4 Qd8 30. Qh6 Qd4 31. Qg5 Qd8 32. Qxd8 Rexd8 33. Kg2 Rd4 34. Kf3 Rb4 35. Kxe3 b5 36. axb5 a4 37. Bc4 Rxb2 38. Kd2 a3 39. Re1 a2 40. Ra1 Rb1 41. Rxa2 Rxa2 42. Bxa2 Rxb5 1-0

[Event "Kujawsko Pomorskie-ch op-A 65th"]
[Site "Szubin"]
[Date "2012.08.15"]
[Round "1.6"]
[White "Rak, Tomasz"]
[Black "Zielinski, Olgierd"]
[Result "1-0"]
[WhiteElo "2066"]
[BlackElo "1851"]
[PlyCount "69"]
[EventDate "2012.08.09"]
[EventType "swiss"]
[EventRounds "9"]
[EventCountry "POL"]
[SourceTitle "EXT 2023"]
[Source "ChessBase"]
[SourceDate "2022.10.05"]
[SourceVersion "1"]
[SourceVersionDate "2022.10.05"]
[SourceQuality "1"]

1. d4 d5 2. Nf3 Nf6 3. Bf4 c5 4. e3 Qb6 5. Qc1 Nc6 6. c3 Bf5 7. Nh4 g6 8. Nxf5 gxf5 9. Bd3 e6 10. Nd2 Rc8 11. Qb1 Ne4 12. Nf3 Bg7 13. 0-0 h5 14. Re1 Bf6 15. Re2 Ke7 16. Qf1 Rcg8 17. Kh1 Rg6 18. Ng1 c4 19. Bc2 Bg5 20. f3 Nf6 21. Nh3 Bxf4 22. Nxf4 Rg5 23. e4 fxe4 24. fxe4 dxe4 25. Bxe4 Nxe4 26. Rxe4 Nd8 27. Qxc4 Qxb2 28. Rae1 Rhg8 29. Qc7+ Kf6 30. R4e2 Qb6 31. Qc4 Qc6 32. Qd3 Rf5 33. d5 exd5 34. Rf2 Kg5 35. Nh3+ 1-0